000 01926nam a2200205Ia 4500
005 20250609153036.0
008 241212s9999 xx 000 0 und d
020 _a9781138606463
_qpbk
041 _aeng
082 _a362.1981
_bBUR
100 _aBurfoot, Annette
245 0 _aWomen and reproductive technologies : the socio-economic development of technologies changing the world
_c/ Annette Burfoot with Derya Güngör.
250 _a1st ed.
260 _b: Routledge, Taylor & Francis Group
_c, 2022.
_aNew York
300 _a153 p.
_c; 24 cm.
504 _aBib and Ref
520 _aA sociological and historical study of the development of reproductive technologies, this book focuses on key technological developments through a biomedicalization lens with special attention to gender. Using in vitro fertilization (IVF) as a hub, it critically examines the main areas of related socio-technical developments: reproductive science, birth control, animal husbandry, genetics and reproductive medicine. Employing a critical framework to illuminate dominant discourses, the book also highlights examples of social resistance, as well as contradictory responses to new reproductive technologies. Over eight chapters, the author examines the social history of reproduction and sexuality, reproductive technologies from old to new and debates surrounding new reproductive technologies and genetic engineering. Women and Reproductive Technologies pays close attention to the interconnections between the business of reproduction (and replication industries), the sociality of reproduction (including reproductive justice) and what are considered the technologies themselves. As such, it constitutes essential reading for students and researchers in the fields of sociology, health studies and gender studies interested in the current state of human reproduction.
650 _aWomen--Social conditions.
942 _cREF
999 _c566149
_d566149